00606 2200217 4500001002100000005001500021035002000036007000300056008004100059020001800100082001200118084001800130100002200148245008400170250001100254260004400265300003500309650002000344990001200364990001200376INLIS00000000000584020200701090837 a0010-0720000008ta200701 g 0 ind  a9789798579193 a613.042 a613.042 ROI y0 aROIZEN, Michael F1 aYou Being Beautiful; sehat dan cantik luar dalam ala Dr.Oz /cMichael F. Roizen aCet. 1 aBandung :bPerpustakaan Nasional,c2010 a564 hlm :b.ilus ;c19 x 24 cm 4aKECANTIKAN DIRI a13117 a a13117 b